| 000 | 01056cam a22003254a 4500 | ||
|---|---|---|---|
| 001 | 14820517 | ||
| 003 | NUST | ||
| 005 | 20220509164501.0 | ||
| 008 | 070424s2008 nyu 000 1 eng | ||
| 020 | _a9780307266835 (alk. paper) | ||
| 038 | _awaseem | ||
| 040 |
_aDLC _cDLC _dDLC |
||
| 042 | _apcc | ||
| 043 | _ae-uk--- | ||
| 050 | 0 | 0 |
_aPR6061.E5952 _bD39 2008 |
| 082 | 0 | 0 |
_a823.914 _bKEN |
| 100 | 1 |
_aKennedy, A. L. _991429 |
|
| 245 | 1 | 0 |
_aDay / _cby A.L. Kennedy. |
| 250 | _a1st U.S. ed. | ||
| 260 |
_aNew York : _bAlfred A. Knopf, _c2008. |
||
| 300 |
_a273 p. ; _c24 cm. |
||
| 563 | _aHBK. | ||
| 650 | 0 |
_aWorld War, 1939-1945 _xVeterans _zGreat Britain _vFiction. _991430 |
|
| 650 | 0 |
_aWorld War, 1939-1945 _xPrisoners and prisons _vFiction. _991431 |
|
| 650 | 0 |
_aRecollection (Psychology) _vFiction. _991432 |
|
| 655 | 0 | _aPsychological fiction. | |
| 906 |
_a7 _bcbc _corignew _d1 _eecip _f20 _gy-gencatlg |
||
| 942 |
_2ddc _cBK |
||
| 999 |
_c589552 _d589552 |
||